El trf̀ico de migrantes en Norteamřica

Bibliographic Details
Main Author: Izcara Palacios, Simn̤ Pedro
Format: eBook
Language:Spanish
Published: Madrid: Dykinson, 2020
Subjects:
Online Access:Acceso restringido

MARC

LEADER 00000nam a22000007a 4500
005 20200520151515.0
007 cr|||| ||||
008 200520s2020 us |||||s|||| 00||0 spa d
020 |a 978-84-1324-679-6 
035 |a 31547 
040 |a vLex 
090 |c 10352  |d 10352 
100 1 |a Izcara Palacios, Simn̤ Pedro 
245 1 2 |a  El trf̀ico de migrantes en Norteamřica  |h [Recurso electrn̤ico] /  |c Simn̤ Pedro Izcara Palacios 
256 |a Servicio en ln̕ea 
260 |a Madrid:  |b Dykinson,  |c 2020 
300 |a 1 recurso electrn̤ico 
506 1 |a Disponible solo en los productos indicados  |d vLex Global  |d vLex Global (Academic Edition, excluding Law Schools)  |d vLex Global (Academic Edition, Law Schools) 
650 0 4 |a Derecho Internacional  |z Estados Unidos 
650 0 4 |a Ciencias sociales  |z Estados Unidos 
740 0 |a vLex Libros (Servicio en ln̕ea) 
856 4 0 |u http://vlex.com/source/trafico-migrantes-norteamerica-31547  |z Acceso restringido 
942 |c BOOK 
999 0 |a International Law 
999 0 |a Social sciences